"Wer nicht angekommen ist, kann andere nicht willkommen heißen"

Titel: "Wer nicht angekommen ist, kann andere nicht willkommen heißen" : die Soziologin Uta Rüchel hat untersucht, wie Fluchterfahrungen im Zweiten Weltkrieg bis heute auch politische Einstellungen mitformen : dabei hat sie Unterschiede im Osten und Westen Deutschlands ausgemacht / von Eva-Maria Schnurr
Verfasser:
Beteiligt:
In: Verlorene Heimat, (2024), Seite 141-144
alle Artikel anzeigen
Veröffentlicht: [2024]
Format: Aufsatz
Sprache: Deutsch
Schlagworte:
Kein Bild verfügbar
X
alg: 53283503
001A    $03025:25-08-25 
001B    $03025:25-09-25 $t15:04:25.000 
001D    $03025:25-08-25 
001U    $0utf8 
001X    $00 
002@    $0Aou 
002C    $aText $btxt $2rdacontent 
002D    $aohne Hilfsmittel zu benutzen $bn $2rdamedia 
002E    $aBand $bnc $2rdacarrier 
003@    $0532835034 
007A    $0532835034 $aHEB 
010@    $ager 
010E    $erda 
011@    $a2024 $n[2024] 
013D    $RGespräch $RInterviewleitfaden $#Interviews $#Entretiens $#Entrevistas (Periodismo) $#Entrevistas $#interviews $#Interview $#Interview $#Interview $#Befragung Interview $74027503-6 $8Interview [Ts1] $9085070343 
021A    $a"Wer nicht angekommen ist, kann andere nicht willkommen heißen" $ddie Soziologin Uta Rüchel hat untersucht, wie Fluchterfahrungen im Zweiten Weltkrieg bis heute auch politische Einstellungen mitformen : dabei hat sie Unterschiede im Osten und Westen Deutschlands ausgemacht $hvon Eva-Maria Schnurr 
028A    $BInterviewer $4ivr $71112234330 $8Schnurr, Eva-Maria$Z1974- [Tp3] $9386058113 
028C    $BInterviewter $4ive $71023410435 $8Rüchel, Uta$Z1967- [Tp3] $9303051639 
031A    $g4 $h141-144 $j2024 
039B    $aEnthalten in $8--Aau--. Verlorene Heimat. - 1. Auflage. - München : Deutsche Verlags-Anstalt, [2024]. - 235 Seiten. - Illustrationen, Karten. - ISBN 978-3-421-07040-1 $x202400000000000859 $952441646X 
044K    $RDeutschland $#Deutschland, West $#Deutschland, Westdeutschland Westliche Länder $74079211-0 $8Westdeutschland [Tg1] $9085224871 
044K    $RPreußen $RDeutsche Ostgebiete $RDeutschland $RDeutschland $RDeutschland $#Deutschland, Ost $#Ostelbien $#Mitteldeutschland Ostdeutschland $74225299-4 $8Ostdeutschland [Tg1] $9086170732 
044K    $RSozialarbeit $#Aide aux réfugiés $#Flüchtlingshilfe $74128300-4 $8Flüchtlingshilfe [Ts1] $9085444782 
044K    $RInteressenverband $#Landsmannschaft Vertriebener $#Vertriebener Interessenverband $#Vertriebenenorganisation $#Vertriebenenverbände $#Deutschland Vertriebenenverband $74063306-8 $8Vertriebenenverband [Ts1] $9085177393 
044K    $REingliederung $#Absorption $#Intégration $#integration $#Integration $#Integration $#Integration $74027238-2 $8Integration [Ts1] $9085069124 
044K    $RPolitische Identität $RGeschichtsbild $RGeschichtsdenken $#Conscience historique $#Geschichtsbewusstsein $#Historisches Bewusstsein $#Historisches Bewusstsein $#Geschichtsverständnis Geschichtsbewusstsein $#Geschichtskultur $74020526-5 $8Geschichtsbewusstsein [Ts1] $9085049387 
044K    $RMotiv $#Homeland in literature $74122192-8 $8Heimat$gMotiv [Ts1] $9085398918 
045F    $a305.800943709044 $eDDC23BSB 
045F/01 $a305.8009 
045F/03 $f09044 
045F/03 $g437 
045F/03 $g43 
045R    $aSozialgeschichte 1939-2022 

lok: 53283503 78

exp: 53283503 78 1 #EPN
201B/01 $025-08-25 $t16:29:07.000 
201C/01 $025-08-25 
201U/01 $0utf8 
203@/01 $01316923215 
208@/01 $a25-08-25 $be 
209A/01 $a/ $f000 $x00 
209A/01 $ab*p $x01 
220C/01 $akoe 
247C/01 $82080>Marburg/Lahn, Herder-Institut, Forschungsbibliothek, Bibliographieportal $9336309341
LEADER 00000caa a2200000 c 4500
001 532835034
003 DE-603
005 20250925150425.0
007 tu
008 250825s2024 xx |||| | u00||u|ger c
035 |a (DE-599)HEB532835034 
040 |a DE-603  |b ger  |c DE-603  |d DE-603  |e rda 
041 |a ger 
082 0 4 |8 1\u  |a 305.800943709044  |q DE-101  |2 23/BSB 
085 |8 1\u  |b 305.8009 
085 |8 1\u  |z 1  |s 09044 
085 |8 1\u  |z 2  |s 437 
085 |8 1\u  |z 2  |s 43 
100 1 |a Schnurr, Eva-Maria  |d 1974-  |e Interviewer  |4 ivr  |0 (DE-603)386058113  |0 (DE-588)1112234330  |2 gnd 
245 0 0 |a "Wer nicht angekommen ist, kann andere nicht willkommen heißen"  |b die Soziologin Uta Rüchel hat untersucht, wie Fluchterfahrungen im Zweiten Weltkrieg bis heute auch politische Einstellungen mitformen : dabei hat sie Unterschiede im Osten und Westen Deutschlands ausgemacht  |c von Eva-Maria Schnurr 
264 0 |c [2024] 
336 |a Text  |b txt  |2 rdacontent 
337 |a ohne Hilfsmittel zu benutzen  |b n  |2 rdamedia 
338 |a Band  |b nc  |2 rdacarrier 
648 7 |a Sozialgeschichte 1939-2022  |2 gnd 
650 7 |a Flüchtlingshilfe  |0 (DE-588)4128300-4  |0 (DE-603)085444782  |2 gnd 
650 7 |a Vertriebenenverband  |0 (DE-588)4063306-8  |0 (DE-603)085177393  |2 gnd 
650 7 |a Integration  |0 (DE-588)4027238-2  |0 (DE-603)085069124  |2 gnd 
650 7 |a Geschichtsbewusstsein  |0 (DE-588)4020526-5  |0 (DE-603)085049387  |2 gnd 
650 7 |a Heimat  |g Motiv  |0 (DE-588)4122192-8  |0 (DE-603)085398918  |2 gnd 
651 7 |a Westdeutschland  |0 (DE-588)4079211-0  |0 (DE-603)085224871  |2 gnd 
651 7 |a Ostdeutschland  |0 (DE-588)4225299-4  |0 (DE-603)086170732  |2 gnd 
655 7 |a Interview  |2 gnd-content  |0 (DE-588)4027503-6  |0 (DE-603)085070343 
700 1 |a Rüchel, Uta  |d 1967-  |e Interviewter  |4 ive  |0 (DE-603)303051639  |0 (DE-588)1023410435  |2 gnd 
773 0 8 |i Enthalten in  |t Verlorene Heimat  |b 1. Auflage  |d München : Deutsche Verlags-Anstalt, [2024]  |h 235 Seiten, Illustrationen, Karten  |z 9783421070401  |z 3421070407  |g (2024), Seite 141-144  |w (DE-603)52441646X 
924 0 |9 2080  |a (DE-603)1316923215  |b DE-2080  |c HES  |d d  |g /